000 00993nmm a2200289 a 4500
001 ocm0002146162
003 TR-IsHL
005 20201028182026.0
008 190122s2016 tu ara
007 cr cn
035 _a2146162
_b(N$T)
050 0 4 _aPJ6119
_b.E35 2016
090 0 4 _aPJ6119
_b.E35 2016
100 1 _aEvren, Kathban
245 1 0 _aZehra'nın 1. günü= يوم زهرات
_h[electronic resource] /
_cKathban Evren ; resimleyen Yahya Alakay
260 _aİstanbul :
_bAkdem Yayınları,
_c2016
300 _a16 p.
650 4 _aDil ve Edebiyat
650 4 _aLanguage and Literature
650 0 _aArapça
_x Dil eğitimi
650 0 _aArabic
_x language Grammar
650 0 _aÇocuk hikayeleri, Arapça
650 0 _aChildren's literature, Arabic stories
650 7 _aLANGUAGE ARTS & DISCIPLINES / Reading Skills
_2bisacsh
700 1 _aAlakay, Yahya
856 4 0 _uhttp://search.ebscohost.com/login.aspx?direct=true&scope=site&db=e011xww&AN=2146162
999 _c19877
_d19877